000 00598nam a2200205 i 4500
001 52391
003 ES-MaACL
005 20240214190529.0
007 t|
008 030828s1921 sp ||||1| spa d
080 _a913(460.353 S.)
080 _a821.134.2-992"19"
100 1 _aChaves Nogales, Manuel,
_d1897-1944
_938275
245 1 3 _aLa ciudad
_b: ensayos /
_cManuel Chaves Nogales.
260 _a[S.l. :
_bs.n.,
_c1921] (
_eCórdoba :
_fLa Voz)
300 _a160 p. ;
_c18 cm.
651 4 _aSevilla-
_xDescripción.
_99383
852 _aES-MaACL
_jF-2861
999 _c52391
_d52391